Регионална библиотека "Любен Каравелов" - Русе

Конституционен съд (Запис номер 27339)

MARC детайли
000 -Лидер
Контролно поле с фиксирана дължина 01857nam a2200349 c 4500
003 - Код на организацията, давaща контролен номер
Контролно поле BLK
005 - Дата и час на последна редакция
Контролно поле 20180422095715.0
008 - Елементи от данни с фиксирана дължина
fixed length control field 180413b bul|||||r ||||||| ||bul||
010 ## - Наследен системен номер
LC control number KNG00029920000
020 ## - Международен стандартен номер на книга ISBN
Международен стандартен номер на книга ISBN 954-638-086-5
-- издат.: Софи-Р
040 ## - Източник на каталожния запис
Идентификатор на билиотеката - собственик на записа BLK
041 ## - Код за език
Код за езика на текст/звукозапис или на отделно заглавие Български
Код за езика КДБФ Български
080 ## - УДК
Текстов определител УДК Съдоустройство. Организация на съдилищата - съдебен език, компетенция на съдилищата, видове съдълища:Конституционен, върховен, апелационен, касационен, от първа и втора инстанция, окръжен, гр
УДК код - определител по УДК 347.97/.99
УДК определител (497.2)(075.8)
УДК - код + определител 347.97/.99(497.2)(075.8)
080 ## - УДК
Текстов определител УДК Държавно право. Конституционно право. Административно право. Вж и 321 ; 35
УДК код - определител по УДК 342
УДК определител (497.2)(075.8)
УДК - код + определител 342(497.2)(075.8)
100 1# - Редна дума - Автор
Автор Баламезов, Боян Боянов
Авторска отговорност първи автор
R(LIN) 365323
139 ## - Редно поле
Редна дума Баламезов, Боян Боянов
Авторски знак Балам - Б 19
245 10 - Сведения за заглавието
Заглавие Конституционен съд
Редно поле (дума) Боян Боянов Баламезов.
257 ## - Страна на издаване
Страна на създаване/издаване България
260 ## - Област на издателските данни
-- София
Име на издателя, разпространителя и проч. Софи-Р
Година на издаване 1999
Печатница София : Инвестпрес
300 ## - Физическа характеристика
Страници 304 с.
Размери/Мащаб 20 см
380 ## - Жанр
Жанр Обществени науки
500 ## - Общи забележки
Забележка 1 000 тир. - Библиогр. с. 269-289 ; Рез. на фр., англ. ез.
650 #4 - Допълнително описание по предмет – тема
Основно описание – тема или топоним Съд и съдоустройство - учебници за ВУЗ
9 (RLIN) 269239
650 #4 - Допълнително описание по предмет – тема
Основно описание – тема или топоним Конституционно право - България - учебници за ВУЗ
9 (RLIN) 243205
653 ## - Ключова дума – ненормативна
Ключова дума съдоустройство
653 ## - Ключова дума – ненормативна
Ключова дума конституционно право
852 ## - Местоположение
Форматна сигнатура Цб 202621
856 4# - Електронен адрес и достъп
Електронен формат pdf - файл
Път до файла /url/
856 4# - Електронен адрес и достъп
Електронен формат pdf - файл
Път до файла /url/
942 ## - АРТИКУЛИ
Вид на библиотечния материал Книги
Скрит в OPAC Не
944 ## - СЪЗДАВАНЕ И РЕДАКЦИЯ на ЗАПИСА
Създаване/Редакция Създаване
Дата на регистрацията/редакция 15.01.2003
Служител, извършил регистрацията/редакцията Наталия_Медовщикова
944 ## - СЪЗДАВАНЕ И РЕДАКЦИЯ на ЗАПИСА
Създаване/Редакция Редакция
Дата на регистрацията/редакция 02.05.2012
Служител, извършил регистрацията/редакцията
999 ## - СИСТЕМНИ КОНТРОЛНИ НОМЕРА
Koha biblionumber 27339
Koha biblioitemnumber 27339
Наличности
Код за отписване Код за изгубен артикул Източник на класификационната схема Код за повреда Коз за рестрикции Код за отдаване Артикулен № Име на библиотеката - собственик Име на библиотеката, в която се намира в момента Статус (Текущо местоположение) Дата на вписване в системата Местоположение - отдел Цена в лева Инвентарен номер Систематично азбучна сигнатура Баркод Номер на екземпляра Цена в евро Служебна бележка Служебен тип на артикула
  Не е изгубен Universal Decimal Classification Не е повреден без рестрикции ползва се в читалня 44168 Регионална библиотека "Любен Каравелов" Русе Регионална библиотека "Любен Каравелов" Русе Хранилище 1999-01-01 Хранилище 0.00 652119 Цб 202621 120000652119 1 0.00 N: стар фонд Дата: 01.01.1999 Книги
Vip Innovations Ltd, Rousse, Bulgaria 2025